Sustainability appraisal : (Record no. 19217)
[ view plain ]
| 000 -LEADER | |
|---|---|
| fixed length control field | 01315cam a2200313 a 4500 |
| 001 - CONTROL NUMBER | |
| control field | 17815943 |
| 005 - DATE AND TIME OF LATEST TRANSACTION | |
| control field | 20150427104338.0 |
| 008 - FIXED-LENGTH DATA ELEMENTS--GENERAL INFORMATION | |
| fixed length control field | 130717s2014 enkad frb 001 0 eng |
| 020 ## - INTERNATIONAL STANDARD BOOK NUMBER | |
| International Standard Book Number | 9781844073573 (hbk) |
| 020 ## - INTERNATIONAL STANDARD BOOK NUMBER | |
| Cancelled/invalid ISBN | 9780203135235 (ebk) |
| 040 ## - CATALOGING SOURCE | |
| Original cataloging agency | DLC |
| Language of cataloging | eng |
| Transcribing agency | DLC |
| Modifying agency | DLC |
| -- | EG-ScBUE |
| 082 04 - DEWEY DECIMAL CLASSIFICATION NUMBER | |
| Classification number | 338.927 |
| Item number | DAL |
| Edition number | 22 |
| 100 1# - MAIN ENTRY--PERSONAL NAME | |
| Personal name | Dalal-Clayton, D. B. |
| Fuller form of name | (D. Barry) |
| 9 (RLIN) | 37710 |
| 245 10 - TITLE STATEMENT | |
| Title | Sustainability appraisal : |
| Remainder of title | a sourcebook and reference guide to international experience / |
| Statement of responsibility, etc | Barry Dalal-Clayton, Barry Sadler ; with contributions from James Baines ... [et al.] |
| 260 ## - PUBLICATION, DISTRIBUTION, ETC. (IMPRINT) | |
| Place of publication, distribution, etc | Abingdon, England ; |
| -- | New York : |
| Name of publisher, distributor, etc | Routledge / Taylor & Francis Group : |
| -- | earthscan, |
| Date of publication, distribution, etc | 2014 |
| Place of manufacture | (Cornwall, England : |
| Manufacturer | TJ International Ltd) |
| 300 ## - PHYSICAL DESCRIPTION | |
| Extent | xlii, 810 p. : |
| Other physical details | chart, tables ; |
| Dimensions | 25 cm. |
| 500 ## - GENERAL NOTE | |
| General note | Index : p. 791-810. |
| 500 ## - GENERAL NOTE | |
| General note | Includes appendices. |
| 504 ## - BIBLIOGRAPHY, ETC. NOTE | |
| Bibliography, etc | Bibliography : p. 719-790. |
| 650 #7 - SUBJECT ADDED ENTRY--TOPICAL TERM | |
| Topical term or geographic name as entry element | Sustainable development |
| General subdivision | International cooperation. |
| Source of heading or term | BUEsh |
| 9 (RLIN) | 37711 |
| 650 #7 - SUBJECT ADDED ENTRY--TOPICAL TERM | |
| Topical term or geographic name as entry element | Rural development |
| General subdivision | International cooperation. |
| Source of heading or term | BUEsh |
| 9 (RLIN) | 37712 |
| 650 #7 - SUBJECT ADDED ENTRY--TOPICAL TERM | |
| Topical term or geographic name as entry element | Environmental policy |
| General subdivision | International cooperation. |
| Source of heading or term | BUEsh |
| 9 (RLIN) | 37713 |
| 651 ## - SUBJECT ADDED ENTRY--GEOGRAPHIC NAME | |
| Source of heading or term | BUEsh |
| 653 ## - INDEX TERM--UNCONTROLLED | |
| Resource For college | Engineering, Architecture |
| Arrived date list | April2015 |
| 655 ## - INDEX TERM--GENRE/FORM | |
| Form subdivision | |
| -- | 34232 |
| 700 1# - ADDED ENTRY--PERSONAL NAME | |
| Personal name | Sadler, Barry. |
| 9 (RLIN) | 37714 |
| 700 1# - ADDED ENTRY--PERSONAL NAME | |
| Personal name | Baines, James. |
| 9 (RLIN) | 37715 |
| 942 ## - ADDED ENTRY ELEMENTS (KOHA) | |
| Source of classification or shelving scheme | Dewey Decimal Classification |
| Call number prefix | 338.927 DAL |
| Withdrawn status | Item status | Source of classification or shelving scheme | Damaged status | Not for loan | Vendor | Home library | Current library | Shelving location | Date acquired | Source of acquisition | Cost, normal purchase price | Serial Enumeration / chronology | Total Checkouts | Full call number | Barcode | Date last seen | Cost, replacement price | Koha item type |
|---|---|---|---|---|---|---|---|---|---|---|---|---|---|---|---|---|---|---|
| Dewey Decimal Classification | ايمك | Central Library | Central Library | First floor | 26/04/2015 | 1527.00 | 2446 | 338.927 DAL | 000038061 | 15/07/2025 | 1908.75 | Book - Borrowing |